Hermit (Record no. 1764)

MARC details
000 -BAŞLIK
Sabit Uzunlukta Kontrol Alanı 00742na a2200277 4500
001 - KONTROL NUMARASI
Denetim Alanı 14152
003 - KONTROL NUMARASI IDENTIFIER
Denetim Alanı MIRAKIL
005 - SON İŞLEM TARİHİ VE ZAMANI
Denetim Alanı 20181213154833.0
008 - SABİT-BOY VERİ ELEMANLARI - GENEL BİLGİLER
Sabit Uzunlukta Kontrol Alanı 161102b tu 000 0
020 ## - ULUSLARARASI STANDART KİTAP NUMARASI
Uluslararası Standart Kitap Numarası 9758007467
035 ## - SİSTEM KONTROL NUMARASI
Sistem Kontrol Numarası 14152
040 ## - KATALOGLAMA KAYNAK
Orijinal Kataloglama Ajansı Milas
Kataloglama Dili tur
Metne Dönüştürmek Ajansı TR-AnCHP
082 ## - DEWEY ONLU SINIFLANDIRMA NUMARASI
Sınıflandırma Numarası 181
Ürün Numarası R25h 1998
090 ## - SINIFLAMA NUMARASI
Sınıflama Numarası 181 R25h 1998
100 ## - ANA GİRİŞ - KİŞİSEL İSİM
Kişisel Ad Rampa, Lobsang
245 ## - BAŞLIK TABLOSU
Başlık Hermit
Başlığın Kalan Dünyanın evrensel sahipleri
Sorumluluk Tablosu, Vb Lobsang Rampa ; çeviren: Muzaffer Suar
246 ## - UNVAN FORM VARYING
Başlık Doğru / Kısa Başlığı Dünyanın evrensel sahipleri
250 ## - EDITION TABLOSU
Baskı Beyanı 2. bs.
260 ## - YAYIN, DAĞITIM, VB
Yayın, Dağıtım, Vb Yeri İstanbul
Yayıncı, Dağıtıcı, Vs Adı Ruh ve Madde yayınları
Yayın, Dağıtım, Vb Tarihi 1998
300 ## - FİZİKSEL TANIM
Kapsam 184 s.
Boyutlar 19 sm.
650 ## - KONU KATMA GİRİŞ - TOPİKAL DÖNEM
Topikal Süreli Veya Coğrafi Ad Giriş Elemanı Budizm
650 ## - KONU KATMA GİRİŞ - TOPİKAL DÖNEM
Topikal Süreli Veya Coğrafi Ad Giriş Elemanı Doğu felsefesi
650 ## - KONU KATMA GİRİŞ - TOPİKAL DÖNEM
Topikal Süreli Veya Coğrafi Ad Giriş Elemanı Metafizik
700 ## - KATMA GİRİŞ - KİŞİSEL İSİM
Kişisel Ad Suar, Muzaffer
942 ## - EKLENDİ GİRİŞ ELEMANLARI (KOHA)
Sınıflandırma Veya Raf Düzeni Kaynak Dewey Decimal Classification
Koha Öğesi Türü Books
999 ## - SİSTEM KONTROL NUMARALARI (KOHA)
Koha Biblionumber 1764
Koha Biblioitemnumber 1764
Holdings
Kalıcı Konum Mevcut Konum Edinme Tarihi Edinim Kaynak Toplam Check-Out'Lar Tam Çağrı Numarası Barkod Tarih Son Görülme İtibaren Geçerli Fiyatlar Koha Öğesi Türü
CHP Kütüphanesi CHP Kütüphanesi 08/24/2016 Bağış   181 R25h 1998 001059 08/24/2016 08/24/2016 Books